| 000 | 00383nam a22001457a 4500 | ||
|---|---|---|---|
| 020 | _qPB. | ||
| 040 | _cFIZZA ISHAQ | ||
| 082 |
_a621.43 _bWIL |
||
| 100 |
_aRABEK, PALK W. WILLAD. _986031 |
||
| 245 |
_aENGINEERING FUNDAMENTALS OF INTERNAL COMBUSTION / _cWILLAD W. RABEK PALK. |
||
| 250 | _a2nd ED. | ||
| 260 |
_aDEHLI : _bPEARSON, _c2015. |
||
| 300 | _a485 P. ; | ||
| 942 |
_2ddc _cBK |
||
| 999 |
_c587213 _d587213 |
||